<?xml version="1.0" encoding="UTF-8"?>
<record
    xmlns:xsi="http://www.w3.org/2001/XMLSchema-instance"
    xsi:schemaLocation="http://www.loc.gov/MARC21/slim http://www.loc.gov/standards/marcxml/schema/MARC21slim.xsd"
    xmlns="http://www.loc.gov/MARC21/slim">

  <leader>02239    a2200193   4500</leader>
  <datafield tag="020" ind1=" " ind2=" ">
    <subfield code="a">0071358781 (hardcover)</subfield>
  </datafield>
  <datafield tag="020" ind1=" " ind2=" ">
    <subfield code="a">9780071358781 (hardcover)</subfield>
  </datafield>
  <datafield tag="082" ind1="0" ind2="4">
    <subfield code="a">658.4</subfield>
  </datafield>
  <datafield tag="090" ind1=" " ind2=" ">
    <subfield code="c">5217</subfield>
    <subfield code="d">5217</subfield>
  </datafield>
  <datafield tag="100" ind1="1" ind2=" ">
    <subfield code="a">Braksick, Leslie Wilk.</subfield>
  </datafield>
  <datafield tag="245" ind1="1" ind2="0">
    <subfield code="a">Unlock behavior, unleash profits /</subfield>
    <subfield code="c">Leslie Wilk Braksick, The Continuous Learning Group.</subfield>
  </datafield>
  <datafield tag="250" ind1=" " ind2=" ">
    <subfield code="a">1st ed.</subfield>
  </datafield>
  <datafield tag="260" ind1=" " ind2=" ">
    <subfield code="a">[S.l.] :</subfield>
    <subfield code="b">McGraw-Hill,</subfield>
    <subfield code="c">1999.</subfield>
  </datafield>
  <datafield tag="300" ind1=" " ind2=" ">
    <subfield code="a">291 p. ;</subfield>
    <subfield code="c">24 cm.</subfield>
  </datafield>
  <datafield tag="520" ind1=" " ind2=" ">
    <subfield code="a">Right now, you can start dramatically improving performance - of yourself, your employees, and your organization. Simply emulate what many other great corporate leaders are doing: apply the proven methods of behavioral science that Dr. Braksick reveals in this leadership handbook! "Behavior is a key enabler! This book is a must read for leaders who want to increase their organization's capacity to execute will!" - Dave O'Reilly, Chairman and CEO, Chevron Corporation. "Much is written about strategy, process change, marketing, efficiency...but all too often the most critical ingredient is left out: the people who execute it. Dr. Braksick gives us a practical, science-based guide to every executive's most complex issue: people." - Brian Baker, President, Mobil North America Marketing and Refining. "The influence of Dr. Braksick and her colleagues has dramatically impacted me and my leadership of one of the nation's fastest growing companies." - Michael G. DeGroote, Board Chairman and CEO, Century Business Services (CBIZ). "An excellent reminder for seasoned executives of the importance of feedback and understanding their impact on people...an ideal handbook for new managers on understanding relationships and the impact of their leadership on others. " - Fran Dramus, CIO, Bell South. ""Unlock Behavior, Unleash Profits" is about 21st century leadership. The power of unlocking behavior in your organization starts with you, the leader. Dr. Braksick is a winner, and this book will be one and create many winners itself!" - Brian McNeill, President, Ingersoll-Rand Architectural Hardware Group.</subfield>
  </datafield>
  <datafield tag="700" ind1="1" ind2=" ">
    <subfield code="a">Group, The Continuous Learning.</subfield>
  </datafield>
  <datafield tag="856" ind1="4" ind2="0">
    <subfield code="3">Amazon.com</subfield>
    <subfield code="u">http://www.amazon.com/exec/obidos/ASIN/0071358781/chopaconline-20</subfield>
  </datafield>
  <datafield tag="942" ind1=" " ind2=" ">
    <subfield code="a">NBS</subfield>
    <subfield code="c">BK</subfield>
    <subfield code="k">658.4 BRA</subfield>
  </datafield>
  <datafield tag="999" ind1=" " ind2=" ">
    <subfield code="c">347635</subfield>
    <subfield code="d">347635</subfield>
  </datafield>
  <datafield tag="952" ind1=" " ind2=" ">
    <subfield code="0">0</subfield>
    <subfield code="1">0</subfield>
    <subfield code="4">0</subfield>
    <subfield code="7">0</subfield>
    <subfield code="a">CL</subfield>
    <subfield code="b">CL</subfield>
    <subfield code="d">2013-08-28</subfield>
    <subfield code="l">0</subfield>
    <subfield code="o">658.4 BRA</subfield>
    <subfield code="p">NBS5297</subfield>
    <subfield code="r">2013-08-28</subfield>
    <subfield code="w">2013-08-28</subfield>
    <subfield code="y">BK</subfield>
  </datafield>
</record>
